| 000 | 00894nam a22002417a 4500 | ||
|---|---|---|---|
| 999 |
_c14926 _d14926 |
||
| 003 | MIRAKIL | ||
| 005 | 20220531145428.0 | ||
| 008 | 220531b tu ||||| |||| 00| 0 tur d | ||
| 020 | _a9789750522772 | ||
| 040 |
_aTR-AnCHP _cTR-AnCHP |
||
| 041 | _atur | ||
| 082 |
_a338.9 _bK24 2017 |
||
| 245 | 1 | 0 |
_aKalkınma iktisadının penceresinden Türkiye'ye bakmak : _bFikret Şenses'e armağan / _cderleyenler Hasan Cömert, Emre Özçelik, Ebru Voyvoda |
| 260 |
_aİstanbul : _bİletişim yayınları, _c2017. |
||
| 300 |
_a312 s. : _bşkl., tbl. ; _c19 sm. |
||
| 490 | 0 |
_aİletişim yayınları ; _aAraştırma-inceleme dizisi ; _v2541. _v420. |
|
| 504 | _aKaynakça bölüm sonlarındadır. | ||
| 650 | 0 |
_95840 _aEkonomik kalkınma _xTürkiye |
|
| 700 |
_97104 _aCömert, Hasan, _eder. |
||
| 700 |
_97105 _aÖzçelik, Emre, _eder. |
||
| 700 |
_97106 _aVoyvoda, Ebru _eder. |
||
| 942 |
_2ddc _cBKS |
||